Teoría económica del desarrollo y del subdesarrollo / (Registro nro. 14350)

Detalles MARC
000 -LEADER
fixed length control field 00953nam a2200277 u 4500
001 - CONTROL NUMBER
control field 000003005
003 - CONTROL NUMBER IDENTIFIER
control field DO-SdBNP
005 - DATE AND TIME OF LATEST TRANSACTION
control field 20221125092702.0
008 - FIXED-LENGTH DATA ELEMENTS--GENERAL INFORMATION
fixed length control field 090706s1978 dr a 000 0 spa d
040 ## - CATALOGING SOURCE
Original cataloging agency DO-SdBNP
Language of cataloging spa
Transcribing agency BPMSU
082 ## - DEWEY DECIMAL CLASSIFICATION NUMBER
Classification number 338.9
Item number A367t 1978
Edition number 22
100 1# - MAIN ENTRY--PERSONAL NAME
Personal name Alemán, José Luis
245 10 - TITLE STATEMENT
Title Teoría económica del desarrollo y del subdesarrollo /
Statement of responsibility, etc. José Luís Aleman ; prólogo Bernardo Vega.
260 ## - PUBLICATION, DISTRIBUTION, ETC. (IMPRINT)
Place of publication, distribution, etc. Santiago de los Caballeros, República Dominicana :
Name of publisher, distributor, etc. UCMM,
Date of publication, distribution, etc. 1978.
300 ## - PHYSICAL DESCRIPTION
Extent 271 p. :
Other physical details il. ;
Dimensions 21 cm.
490 0# - SERIES STATEMENT
Series statement Estudios,
Volume/sequential designation 39
500 ## - GENERAL NOTE
General note Incluye índice
504 ## - BIBLIOGRAPHY, ETC. NOTE
Bibliography, etc Bibliografía : p. 251-257
590 ## - LOCAL NOTE (RLIN)
Local note Inventariado, 2022/VM
650 #4 - SUBJECT ADDED ENTRY--TOPICAL TERM
Topical term or geographic name as entry element Desarrollo económico.
650 #4 - SUBJECT ADDED ENTRY--TOPICAL TERM
Topical term or geographic name as entry element Países en desarrollo
General subdivision Política económica.
700 1# - ADDED ENTRY--PERSONAL NAME
Personal name Vega, Bernardo,
Dates associated with a name 1938 -
Relator term pról.
710 2# - ADDED ENTRY--CORPORATE NAME
Corporate name or jurisdiction name as entry element Universidad Católica Madre y Maestra (República Dominicana)
910 ## - USER-OPTION DATA (OCLC)
User-option data VMateo V./Validado
942 ## - ADDED ENTRY ELEMENTS (KOHA)
Source of classification or shelving scheme Dewey Decimal Classification
Koha item type Libros
Existencias
Withdrawn status Lost status Source of classification or shelving scheme Damaged status Not for loan Collection code Home library Current library Date acquired Source of acquisition Total Checkouts Full call number Barcode Date last seen Price effective from Koha item type
    Dewey Decimal Classification     Colección Dominicana Biblioteca Pública Metropolitana Salomé Ureña Biblioteca Pública Metropolitana Salomé Ureña 11/25/2022 Familia Reyes Duluc   BPMSU CD 338.9 A367t 1978 BPMSU22110042 11/25/2022 11/25/2022 Libros